000 01544nam a2200505 i 4500
001 37055
003 KOSZ 005
005 20211119121102.0
008 000710s2000 pl a |000 0 pol
015 _aUWD 2000/14943
020 _a8372790124
035 _a991014271359705066
035 _a(PL-WaBN)b13833273-48omnis_nlop
035 _ab13833273
035 _a(OCoLC)749780345
035 _a(PL)b0000001383327
035 _a(EXLNZ-48OMNIS_NETWORK)9910248098205606
040 _aWA N
_cWA N
_dKOSZ 005/HR
041 0 _apol
046 _k2000
080 _a004.4
080 _a(07)
100 1 _aKaczor, Paweł
_eAutor
245 1 0 _aStar Office 5.1/5.2 PL /
_cPaweł Kaczor.
246 1 4 _aStarOffice 5.1/5.2 PL
260 _aWarszawa :
_b"Mikom",
_c2000.
300 _a90 s. :
_bil. ;
_c24 cm.
336 _aTekst
_btxt
_2rdacontent
337 _aBez urządzenia pośredniczącego
_bn
_2rdamedia
338 _aWolumin
_bnc
_2rdacarrier
380 _aKsiążki
388 _a1901-2000
388 _a1989-2000
490 1 _aOd A do Z
500 _aTyt. okł.: StarOffice 5.1/5.2 PL.
650 7 _aPakiety biurowe
_2DBN
650 7 _aStarOffice
_2DBN
655 7 _aPodręcznik
_2DBN
658 _aInformatyka i technologie informacyjne
710 2 _aWydawnictwo Mikom
_4pbl
830 0 _aOd A do Z ("Mikom")
856 _uhttp://koha.tu.koszalin.pl/cgi-bin/koha/opac-detail.pl?biblionumber=37055
_yKatalog online BPK
942 _2UKD
_cKS
999 _c37055
_d37055